Imágenes y palabras: escritos sobre cine y teatro

Enregistré dans:
Détails bibliographiques
Auteur principal: Badiou, Alain (Auteur)
Format: Livre
Langue:espagnol
Publié: Buenos Aires Manantial 2005
Édition:1a. ed
Collection:Bordes
Sujets:
Tags: Ajouter un tag
Pas de tags, Soyez le premier à ajouter un tag!

MARC

LEADER 00000cam a2200000 a 4500
001 UCJ1082
003 CL-VaPUC
008 060929e20050000AG |||||||||||||||||spa|d
020 |a 9875000892 
082 0 4 |a 790.01  |b BAD  |2 21 
100 0 |a Badiou, Alain  |e author  |9 501616 
245 1 0 |a Imágenes y palabras: escritos sobre cine y teatro 
250 |a 1a. ed 
300 |a 172 p 
942 |c BK 
945 |d 20060929 00:00:00  |a cmena 
260 |a Buenos Aires  |b Manantial  |c 2005 
650 0 |a Filosofía del arte  |9 264951 
650 7 |a PELICULAS CINEMATOGRAFICAS  |2 CL-VaPUC  |9 501617 
650 0 |a Teatro  |9 265385 
583 |a last modification  |c 20131216 03:22:04  |k Rodrigo Vera 
490 0 |a Bordes 
999 |c 317796  |d 317794 
952 |0 0  |1 0  |4 0  |6 790_010000000000000_BAD_2005  |7 0  |8 A  |9 394727  |a BIBEDU  |b BIBEDU  |d 2019-11-22  |i 4242505  |o 790.01 BAD 2005  |p 4242505  |r 2019-11-22  |w 2019-11-22  |y BK  |k FIL 
952 |0 0  |1 0  |4 0  |6 790_010000000000000_BAD_2005  |7 0  |8 A  |9 394728  |a BIBEDU  |b BIBEDU  |d 2019-11-22  |i 4742710  |o 790.01 BAD 2005  |p 4742710  |r 2019-11-22  |w 2019-11-22  |y BK  |k LIT 
952 |0 0  |1 0  |3 erb  |4 0  |6 790_010000000000000_BAD_2005  |7 0  |8 A  |9 394729  |a BIBART  |b BIBART  |i 5037506  |l 1  |o 790.01 BAD 2005  |p 5037506  |r 2025-03-13  |s 2024-09-12  |w 2019-11-22  |y BK  |z Catalogado en:20131220  |k ART